00867nas a2200229Ia 4500001001600000003001000016008004100026040002500067041001300092100001800105210002700123222002700150245012900177250001100306260000900317501012300326300001600449362004300465500009800508650002000606700001100626A09/R120-46074 IT-MiCISF161014c99999999xx |||||||||||| ||und|| aIT-MiCISFcIT-MiCISF aITALIANO aTestoni Ines  aRivista di sessuologia aRivista di sessuologia 0aAutoritarismo di destra e gestione della corporeità femminile in territori a forte penetrazione mafiosa: Palermo e Romania a1a ed. c2007 bCISF - Centro Internazionale Studi Famiglia - Via Giotto, 36 20145 MILANO (non commercial uses only)cCopyright 2016 app. 247-252 avol. 31, n. 4, ottobre-dicembre [2007] aZazzano S., Ontanu R., Palandri I., Nardini S. Tema: donna, sessualità-femminile, società aDONNAvarticolo aAA.VV.